تحفة الذاكرين بعدة الحصن الحصين من كلام سيد المرسلين ;; Tuḥfat al-dhākirīn bi-ʿUddat al-ḥisn al-ḥaṣīn min kalām Sayyid al-mursalīn / (Record no. 79080)
[ view plain ]
| 000 -LEADER | |
|---|---|
| fixed length control field | 02126nam a2200325 a 4500 |
| 003 - CONTROL NUMBER IDENTIFIER | |
| rucl marc code | BD-RjUL |
| 005 - DATE AND TIME OF LATEST TRANSACTION | |
| control field | 20211228123132.0 |
| 008 - FIXED-LENGTH DATA ELEMENTS--GENERAL INFORMATION | |
| fixed length control field | 211230s1955 ua b 001 0 ara d |
| 035 ## - SYSTEM CONTROL NUMBER | |
| System control number | (BD-RjUL) |
| 040 ## - CATALOGING SOURCE | |
| Original cataloging agency | UkOxU |
| Transcribing agency | UkOxU |
| Language of cataloging | eng |
| 041 ## - LANGUAGE CODE | |
| Language code of text/sound track or separate title | ara |
| 066 ## - CHARACTER SETS PRESENT | |
| Alternate G0 or G1 character set | (3 |
| 082 ## - DEWEY DECIMAL CLASSIFICATION NUMBER | |
| Edition number | 23 |
| Classification number | 297 |
| Author mark and year | SHT 1955 |
| 100 1# - MAIN ENTRY--PERSONAL NAME | |
| Personal name | شوكاني، محمد بن علي. ;; Shawkānī, Muḥammad ibn ʿAlī, |
| Dates associated with a name | 1759-1839. |
| 9 (RLIN) | 402 |
| 245 10 - TITLE STATEMENT | |
| Title | تحفة الذاكرين بعدة الحصن الحصين من كلام سيد المرسلين ;; Tuḥfat al-dhākirīn bi-ʿUddat al-ḥisn al-ḥaṣīn min kalām Sayyid al-mursalīn / |
| Statement of responsibility, etc. | أليف محمد بن علي بن محمد الشوكاني اليماني الصنعاني ؛ وبذيول صفحاته تعليقات لمحمد بن محمد زبارة الحسني الصنعاني. .;; taʼlīf Muḥammad ibn ʿAlī ibn Muḥammad al-Shawkānī al-Yamānī al-Ṣanʿānī ;ʻAlī ibn Muḥammad al-Shawkānī al-Yamānī al-Ṣanʻānī |
| 250 ## - EDITION STATEMENT | |
| Edition statement | al-Ṭabʿah 2. |
| 260 ## - PUBLICATION, DISTRIBUTION, ETC. (IMPRINT) | |
| Place of publication, distribution, etc. | Misr : |
| Name of publisher, distributor, etc. | Mustafa albani, |
| Date of publication, distribution, etc. | 1955 |
| 300 ## - PHYSICAL DESCRIPTION | |
| Pagination | 358 p. ; |
| Size | 25 cm. |
| 504 ## - BIBLIOGRAPHY, ETC. NOTE | |
| Bibliography, etc | Includes bibliographical references and indexes. |
| 600 10 - SUBJECT ADDED ENTRY--PERSONAL NAME | |
| Personal name | Ibn al-Jazarī, Muḥammad ibn Muḥammad, |
| Dates associated with a name | 1350-1429. |
| Title of a work | ʿUddat al-Ḥiṣn al-ḥaṣīn min kalām Sayyid al-mursalīn. |
| Personal name | Muḥammad, |
| Titles and other words associated with a name | Prophet, |
| Dates associated with a name | -632 |
| General subdivision | Prayers and devotions. |
| 650 #0 - SUBJECT ADDED ENTRY--TOPICAL TERM | |
| Topical term or geographic name as entry element | Islam |
| Form subdivision | Prayers and devotions. |
| 9 (RLIN) | 405 |
| 880 10 - ALTERNATE GRAPHIC REPRESENTATION | |
| Linkage | 245-02/(3/r |
| a | تحفة الذاكرين بعدة الحصن الحصين من كلام سيد المرسلين / |
| c | تأليف محمد بن علي بن محمد الشوكاني اليماني الصنعاني ؛ شرحه وخرج أحاديثه وعمل فهارسه سعيد محمود عقيل. |
| Linkage | 250-03/(3/r |
| a | الطبعة 1. |
| Linkage | 260-04/(3/r |
| a | بيروت : |
| b | دار الجيل، |
| c | 1998. |
| Linkage | 600-05/(3/r |
| a | ابن الجزري، محمد بن محمد. |
| t | عدة الحصن الحصين من كلام سيد المرسلين. |
| Linkage | 600-06/(3/r |
| a | محمد، |
| c | الرسول. |
| Linkage | 700-07/(3/r |
| a | عقيل، سعيد محمود. |
| 942 ## - ADDED ENTRY ELEMENTS (KOHA) | |
| Source of classification or shelving scheme | Dewey Decimal Classification |
| Koha item type | Books |
| Lost status | Source of classification or shelving scheme | Damaged status | Not for loan | Collection code | Permanent Location | Current Location | Shelving location | Date acquired | Full call number | Date last seen | Copy number | Koha item type |
|---|---|---|---|---|---|---|---|---|---|---|---|---|
| Dewey Decimal Classification | Not For Loan | Non-fiction | Central Library, University of Rajshahi | Central Library, University of Rajshahi | Reading Room | 28/12/2021 | A 297 SHT 1955 | 28/12/2021 | C-1 | Books |